000 01935nam0a2200313 4500
001 RU\NLR\bibl\936264
005 20250614193718.0
010 _a5-696-03251-6
_9150
021 _aRU
_b2006-13324
_9653
035 _a(NLR Aleph) 000924464
090 _a120581
_c120581
100 _a20060420d2004 |||y0rusy50 ca
101 0 _arus
102 _aRU
105 _aa |||||||||
200 1 _aИнструментальное программное обеспечение корпоративных систем
_eучебное пособие
_e[для студентов специальности 230101 (220100)-"Вычислительные машины, комплексы, системы и сети" для изучения дисциплин "Системное программное обеспечение", "Компьютерные технологии в социальных сферах", "Интегрированные программно-технические комплексы"]
_fИ.Л. Надточий
_gМ-во образования и науки Рос. Федерации, Федер. агентство по образованию, Южно-Урал. гос. ун-т, Каф. "Электрон. вычисл. машины"
210 _aЧелябинск
_cИзд-во ЮУрГУ
_d2004
215 _a80, [1] с.
_cил.
_d20
320 _aБиблиогр.: с. 67 (18 назв.)
606 1 _aКорпоративные вычислительные сети
_jУчебные издания для высших учебных заведений
_xПрограммное обеспечение
_92422877
_3RU\NLR\auth\661442754
686 _aЗ988.02-018я73-1
700 1 _aНадточий
_bИ. Л.
_gИрина Львовна
_4070
801 0 _aRU
_bNLR
_c20060420
_grcr
801 1 _aRU
_bNLR
_c20060420
830 _aавт. по кн.
942 _cBOOK
980 _aNB
980 _aNBR